000 00349nam a22001337a 4500
008 170818b xxu||||| |||| 00| 0 eng d
020 _a9780072437652
041 _aeng
080 _27 ED
_a51
100 _a37
101 _aMAT
245 _aCALCULUS FOR BUSINESS ECONOMICS AND THE SOCIAL LIFE SCIENCES
_cHOFFMANN.L.D
942 _2udc
_cBK
999 _c24152
_d24152